NLSUI OPAC header image

Food, globalization and sustainability (Record no. 32273)

MARC details
000 -LEADER
fixed length control field 01301nam a2200217Ia 4500
003 - CONTROL NUMBER IDENTIFIER
control field OSt
005 - DATE AND TIME OF LATEST TRANSACTION
control field 20210521171011.0
008 - FIXED-LENGTH DATA ELEMENTS--GENERAL INFORMATION
fixed length control field 160316s2012 xxu||||| |||| 00| 0 eng d
020 ## - INTERNATIONAL STANDARD BOOK NUMBER
International Standard Book Number 9781849712613
040 ## - CATALOGING SOURCE
Transcribing agency n
082 ## - DEWEY DECIMAL CLASSIFICATION NUMBER
Classification number 338.100000
Item number OOS
100 ## - MAIN ENTRY--PERSONAL NAME
Personal name Oosterveer Peter
245 ## - TITLE STATEMENT
Title Food, globalization and sustainability
260 ## - PUBLICATION, DISTRIBUTION, ETC.
Place of publication, distribution, etc. London
Name of publisher, distributor, etc. Earthscan Publishers
Date of publication, distribution, etc. 2012
300 ## - PHYSICAL DESCRIPTION
Extent 282p
Dimensions xiii
365 ## - TRADE PRICE
Price amount Rs. 2,702
505 ## - FORMATTED CONTENTS NOTE
Formatted contents note Table of contents<br/>List of Figures;<br/>Tables and Boxes;<br/>List of Acronyms and Abbreviations;<br/>Preface;<br/>1. Introduction Section 1: Conceptual Background;<br/>2. Globalization and Food Production and Consumption;<br/>3. Sustainability and Food Production and Consumption;<br/>4. Regulating Food in the Global Network Society Section 2: Case Studies;<br/>5. Food Provisioning and Climate Change;<br/>6. Local Food Provision;<br/>7. Fair Trade: Buying and Selling Consumer Trust;<br/>8. Sustainable Fish Provision Section 3: Future Perspectives;<br/>9. Roles of Producers in Sustainable Food Provision;<br/>10. Restructuring Food Supply: Supermarkets and Sustainability;<br/>11. Consumer Involvement in Sustainable Food Provision;<br/>12. Conclusion;<br/>Index
650 ## - SUBJECT ADDED ENTRY--TOPICAL TERM
Topical term or geographic name entry element 1. Food Industry & Trade2. Globalization - Sustinability
700 ## - ADDED ENTRY--PERSONAL NAME
Personal name Sonnenfeld David A
--
942 ## - ADDED ENTRY ELEMENTS (KOHA)
Source of classification or shelving scheme Dewey Decimal Classification
Koha item type BOOKs
Holdings
Withdrawn status Lost status Damaged status Not for loan Home library Current library Shelving location Date acquired Cost, normal purchase price Total Checkouts Full call number Barcode Date last seen Price effective from Koha item type
        . .   30.05.2017 2702.00   338.1 OOS 29221 30.05.2017 30.05.2017 BOOKs